000 00470nam a2200169Ia 4500
008 090124s9999 xx 000 0 und d
082 _b28310
_a7103
100 _aखरे नंदा
245 _a अंताजीची बखर
250 _a0
300 _a187
600 _aखरे नंदा
630 _a अंताजीची बखर
700 _aखरे नंदा
730 _a अंताजीची बखर
942 _cBOOK
999 _c141767
_d141767